| 000 | 00383nam a2200145Ia 4500 | ||
|---|---|---|---|
| 008 | 230312s9999||||xx |||||||||||||| ||und|| | ||
| 020 | _a0-521-85596-9 | ||
| 082 |
_a621.3822 _bLIT-P |
||
| 100 | _aLitsyn;Simon | ||
| 245 | 0 | _aPeak Power Control in Multicarrier Communications | |
| 260 |
_bCambridge _aUK _c2007 |
||
| 300 | _a278 | ||
| 650 |
_aEngineering _vCommunication |
||
| 942 | _cBK | ||
| 999 |
_c12219 _d12219 |
||